Understanding the cults : handbook of today's religions / Josh McDowell, Don Stewart
Record details
- ISBN: 0-86605-090-6
- Physical Description: 199 s.
- Edition: 1st ed.
- Publisher: San Bernardino : Here's Life Publishers , 1983
Available copies
- 3 of 3 copies available at Common Catalog SPOK.
Holds
- 0 current holds with 3 total copies.
Show Only Available Copies
| Location | Call Number / Copy Notes | Barcode | Shelving Location | Status | Due Date |
|---|---|---|---|---|---|
| ETS Library | 239.9 | 424470001208 | Volný výběr | Available | - |
| ETS Library | 239.9 | 424470019368 | Volný výběr | Available | - |
| ETS Library | 239.9 | 424470020033 | Volný výběr | Available | - |
| LDR | 00769nam a2 00265 | ||
|---|---|---|---|
| 001 | 41953 | ||
| 003 | CZ-PrJAB | ||
| 005 | 20201101194550.0 | ||
| 008 | 030307s1983 xxu e |||| |eng | ||
| 009 | us | ||
| 020 | . | ‡a0-86605-090-6 | |
| 035 | . | ‡a(CONS)9548 | |
| 035 | . | ‡aKPS1504 | |
| 041 | . | ‡aeng | |
| 082 | 1 | 4. | ‡a239.9 |
| 100 | . | ‡7386 ‡aMcDowell, Josh | |
| 245 | . | ‡aUnderstanding the cults : ‡bhandbook of today's religions / ‡nJosh McDowell, Don Stewart | |
| 250 | . | ‡a1st ed. | |
| 260 | . | ‡aSan Bernardino : ‡bHere's Life Publishers , ‡c1983 | |
| 300 | . | ‡a199 s. | |
| 653 | . | ‡aUnderstanding the cults | |
| 700 | . | ‡7854 ‡aStewart, Don | |
| 852 | 4 | . | ‡bETS ‡bETS ‡cVolný výběr ‡j239.9 ‡gA ‡p424470007279 |
| 852 | 4 | . | ‡bETS ‡bETS ‡cVolný výběr ‡j239.9 ‡gA ‡p424470001208 |
| 910 | . | ‡aABG450 | |
| 999 | . | ‡a9548 ‡bAUTOGEN ‡c9548 ‡tbiblio | |
| 905 | . | ‡uadmin | |
| 901 | . | ‡a41953 ‡bCZ-PrJAB ‡c41953 ‡tbiblio ‡sets | |